<?xml version="1.0" encoding="UTF-8"?><?xml-stylesheet type="text/xsl" href="static/style.xsl"?><OAI-PMH xmlns="http://www.openarchives.org/OAI/2.0/" xmlns:xsi="http://www.w3.org/2001/XMLSchema-instance" xsi:schemaLocation="http://www.openarchives.org/OAI/2.0/ http://www.openarchives.org/OAI/2.0/OAI-PMH.xsd"><responseDate>2026-04-17T06:57:17Z</responseDate><request verb="GetRecord" identifier="oai:www.recercat.cat:2072/457857" metadataPrefix="marc">https://recercat.cat/oai/request</request><GetRecord><record><header><identifier>oai:recercat.cat:2072/457857</identifier><datestamp>2024-11-01T00:46:57Z</datestamp><setSpec>com_2072_98</setSpec><setSpec>col_2072_378192</setSpec></header><metadata><record xmlns="http://www.loc.gov/MARC21/slim" xmlns:dcterms="http://purl.org/dc/terms/" xmlns:xsi="http://www.w3.org/2001/XMLSchema-instance" xmlns:doc="http://www.lyncode.com/xoai" xsi:schemaLocation="http://www.loc.gov/MARC21/slim http://www.loc.gov/standards/marcxml/schema/MARC21slim.xsd">
   <leader>00925njm 22002777a 4500</leader>
   <datafield ind2=" " ind1=" " tag="042">
      <subfield code="a">dc</subfield>
   </datafield>
   <datafield ind2=" " ind1=" " tag="720">
      <subfield code="a">Skjødt, M. K.</subfield>
      <subfield code="e">author</subfield>
   </datafield>
   <datafield ind2=" " ind1=" " tag="720">
      <subfield code="a">Ernst, Martin</subfield>
      <subfield code="e">author</subfield>
   </datafield>
   <datafield ind2=" " ind1=" " tag="720">
      <subfield code="a">Khalid, Sara</subfield>
      <subfield code="e">author</subfield>
   </datafield>
   <datafield ind2=" " ind1=" " tag="720">
      <subfield code="a">Libanati, Cesar</subfield>
      <subfield code="e">author</subfield>
   </datafield>
   <datafield ind2=" " ind1=" " tag="720">
      <subfield code="a">Cooper, Cyrus</subfield>
      <subfield code="e">author</subfield>
   </datafield>
   <datafield ind2=" " ind1=" " tag="720">
      <subfield code="a">Delmestri, Antonella</subfield>
      <subfield code="e">author</subfield>
   </datafield>
   <datafield ind2=" " ind1=" " tag="720">
      <subfield code="a">Rubin, K. H.</subfield>
      <subfield code="e">author</subfield>
   </datafield>
   <datafield ind2=" " ind1=" " tag="720">
      <subfield code="a">Javaid, M. K.</subfield>
      <subfield code="e">author</subfield>
   </datafield>
   <datafield ind2=" " ind1=" " tag="720">
      <subfield code="a">Martínez-Laguna, Daniel</subfield>
      <subfield code="e">author</subfield>
   </datafield>
   <datafield ind2=" " ind1=" " tag="720">
      <subfield code="a">Prieto-Alhambra, Daniel</subfield>
      <subfield code="e">author</subfield>
   </datafield>
   <datafield ind2=" " ind1=" " tag="720">
      <subfield code="a">Abrahamsen, Bo</subfield>
      <subfield code="e">author</subfield>
   </datafield>
   <datafield ind2=" " ind1=" " tag="720">
      <subfield code="a">Universitat Autònoma de Barcelona</subfield>
      <subfield code="e">author</subfield>
   </datafield>
   <datafield ind2=" " ind1=" " tag="260">
      <subfield code="c">2021</subfield>
   </datafield>
   <datafield ind2=" " ind1=" " tag="520">
      <subfield code="a">Funding: UCB funded this study</subfield>
   </datafield>
   <datafield ind2=" " ind1=" " tag="520">
      <subfield code="a">This study demonstrates a substantial and persistent anti-osteoporosis treatment gap in men and women ≥50 years old who sustained major osteoporotic fracture(s) between 2005 and 2014 in Denmark. This was not substantially reduced by including hospital-administered anti-osteoporosis treatments. Strengthened post-fracture organization of care and secondary fracture prevention is highly needed. The purpose of this study was to evaluate the Danish anti-osteoporosis treatment gap from 2005 to 2014 in patients sustaining a major osteoporotic fracture (MOF), and to assess the impact of including hospital-administered anti-osteoporosis medications (AOM) on the treatment gap among these patients. In this retrospective, registry-based study, we included men and women aged 50 years or older and living in Denmark, who sustained at least one MOF between 2005 and 2014. We applied a repeated cross-sectional design to generate cohorts of patients sustaining a first MOF, hip, vertebral, humerus, or forearm fracture, respectively, within each calendar year. We evaluated the treatment gap as the proportion of patients within each cohort not receiving treatment with AOM within 1 year of the fracture. Hospital-administered AOM was identified by SKS code. The treatment gap among MOF patients decreased from 85% in 2005 to 79% in 2014. The gap was smaller among hip and vertebral fracture patients as compared to humerus and forearm fracture patients, and it was smaller in women than in men. The use of hospital-administered AOM was relatively uncommon, with a maximum of 0.9% of MOF patients initiating hospital-administered AOM (in 2012). We observed substantial variations in this proportion between fracture types and gender. Hospital-administered AOM was most commonly used among vertebral fracture patients. A significant treatment gap among patients sustaining a major osteoporotic fracture was present throughout our analysis, and including hospital-administered AOM did not significantly improve the treatment gap assessment. Improved secondary fracture prevention is urgently needed. The online version contains supplementary material available at 10.1007/s00198-021-05890-x.</subfield>
   </datafield>
   <datafield ind1="8" ind2=" " tag="024">
      <subfield code="a">http://hdl.handle.net/2072/457857</subfield>
   </datafield>
   <datafield tag="653" ind2=" " ind1=" ">
      <subfield code="a">Osteoporosis</subfield>
   </datafield>
   <datafield tag="653" ind2=" " ind1=" ">
      <subfield code="a">Fracture</subfield>
   </datafield>
   <datafield tag="653" ind2=" " ind1=" ">
      <subfield code="a">Fracture prevention</subfield>
   </datafield>
   <datafield tag="653" ind2=" " ind1=" ">
      <subfield code="a">Osteoporosis treatment</subfield>
   </datafield>
   <datafield tag="653" ind2=" " ind1=" ">
      <subfield code="a">Bisphosphonate</subfield>
   </datafield>
   <datafield ind2="0" ind1="0" tag="245">
      <subfield code="a">The treatment gap after major osteoporotic fractures in Denmark 2005-2014 : a combined analysis including both prescription-based and hospital-administered anti-osteoporosis medications</subfield>
   </datafield>
</record></metadata></record></GetRecord></OAI-PMH>